| 000 | 00730nam a2200253 a 4500 | ||
|---|---|---|---|
| 005 | 20210219153251.0 | ||
| 008 | 991125n 000 0 u | ||
| 035 | _aUPN01000087470 | ||
| 100 | _aFinlay, Ann | ||
| 222 | _aJOURNAL OF READING | ||
| 245 | _aMeasuring "sucess" in reading in adult basic education : A United Kingdom perspective | ||
| 300 | _a164-172 | ||
| 362 | _a36, No. 3, 1992 | ||
| 505 | _aFebrero 1993 | ||
| 653 | 0 | _aALFABETIZACION DEL ADULTO | |
| 653 | 0 | _aEDUCACION BASICA | |
| 653 | 0 | _aEXITO | |
| 653 | 0 | _aINVESTIGACION EN LA LECTURA | |
| 653 | 0 | _aPERFECCIONAMIENTO DE LA LECTURA | |
| 653 | 0 | _aPRUEBAS ESTANDARIZADAS | |
| 700 | _aHarrison, Colin | ||
| 904 |
_aAC _b025281 |
||
| 905 | _aArticulo | ||
| 999 |
_c72580 _d72580 |
||